000 00504nam a2200169Ia 4500
003 GCL
008 140319s9999 xx 000 0 ara d
040 _aGCL /
_cGCL
082 0 4 _a239.7
_bا ل
100 1 _aاحمد الحوفى
245 1 0 _aلماذا عدد النبى زوجاتة /
_cاحمد الحوفى
300 _a82 ص
490 _aمع الاسلام
_v0
650 0 4 _aالسيرة النبوية
650 0 4 _aزوجات النبى صلى الله عليه وسلم
942 _2ddc
_cBK
999 _c45871
_d45871